000 00870nam a2200277Ia 4500
001 Z_2251
003 CHAP
008 220113s1987 xx 000 0 und d
010 _a165307
040 _cCHAP
090 _aTesis M 912
100 _aMedrano Gordillo, Raúl
_974135
245 _aExploración de la parasítosis gastrointestinal en cabras criollas de dos localidades del Altiplano Potosino /
_cpor Raúl Medrano Gordillo
260 _aChapingo, Méx. :
_bEl autor,
_c1987
300 _a79 h.
502 _aTesis (Ing. Agr. Esp. en Zootecnia) -- UACH. Departamento de Zootecnia
650 _aGanado cabrío
_xParásitos
_945035
650 _aGanado cabrío
_xSan Luis Potosí
_945044
650 _aSan Luis Potosí
_xGanado cabrío
_9137658
901 _aTESIS M 912
902 _aM
910 _a1987
942 _c2
942 _c2
999 _c165307
_d165307